| 000 | 00685cam a2200241 4500500 | ||
|---|---|---|---|
| 005 | 20260405003040.0 | ||
| 041 | _afre | ||
| 042 | _adc | ||
| 100 | 1 | 0 |
_aLacroix, Alexandre _eauthor |
| 245 | 0 | 0 | _aOù l’essentiel advient |
| 260 | _c2020. | ||
| 500 | _a57 | ||
| 690 | _aAlexandre Lacroix | ||
| 690 | _aÉtats-Unis | ||
| 690 | _aHenry David Thoreau | ||
| 690 | _aNature | ||
| 690 | _aSolitude | ||
| 690 | _aTranscendantalisme | ||
| 690 | _aTravail | ||
| 690 | _aWalden | ||
| 786 | 0 | _nPhilosophie magazine | 139 | 6 | 2020-06-01 | p. 36-37 | 1951-1787 | |
| 856 | 4 | 1 | _uhttps://shs.cairn.info/magazine-philosophie-magazine-2020-6-page-36?lang=fr&redirect-ssocas=7080 |
| 999 |
_c2063917 _d2063917 |
||